| 000 | 00367nam a2200145Ia 4500 | ||
|---|---|---|---|
| 008 | 150201s1994 xx 000 0 und d | ||
| 082 |
_a610 _bA1994L |
||
| 100 | _aLUCAS,AO. | ||
| 245 | 2 | _aA NEW SHORT TEXT BOOK OF PREVENTIVE MEDICINE | |
| 250 | _a3RD | ||
| 260 |
_bCHURCHILL LIVINGSTONE _aEDINBURGH _c1994 |
||
| 300 | _a1-320 | ||
| 650 | _aMEDICINE | ||
| 942 |
_2ddc _cBK |
||
| 999 |
_c4069 _d4069 |
||